000 01679cam a2200409 i 4500
001 in902924896
003 Ingram
005 20250213162907.0
008 241230s2025 nyu 000 1 eng d
020 _a9780063358034
_q(hardcover)
035 _a(OCoLC)1482381513
040 _aTnLvILS
_beng
_cTnLvILS
_erda
_dTnLvILS
043 _an-us-fl
092 _afiction
_bGrippando, James
100 1 _aGrippando, James,
_d1958-
_eauthor.
_945846
245 1 0 _aGrave danger /
_cJames Grippando.
250 _aFirst edition.
264 1 _aNew York, NY :
_bHarper, an imprint of HarperCollinsPublishers,
_c[2025]
300 _a307 pages ;
_c24 cm.
336 _atext
337 _aunmediated
338 _avolume
490 1 _aJack Swyteck novel ;
_v19.
520 _a"Criminal defense attorney Jack Swyteck [defends] a single mother accused of kidnapping her own child in a perilous case involving politics and international diplomacy that will test his legal expertise and his marriage"--
600 1 0 _aSwyteck, Jack
_c(Fictitious character)
_vFiction.
_96401471
650 0 _aAttorney and client
_vFiction.
_96375310
650 0 _aSingle mothers
_vFiction.
_95673806
650 0 _aKidnapping
_vFiction.
_95673693
650 0 _aMurder
_xInvestigation
_vFiction.
_95673630
650 0 _aTruthfulness and falsehood
_vFiction.
_95765307
650 0 _aSpouses
_vFiction.
_95686617
651 0 _aMiami (Fla.)
_vFiction.
_95699222
655 7 _aLegal fiction (Literature)
_2lcgft.
_95713024
655 7 _aThrillers (Fiction)
_2lcgft.
800 1 _aGrippando, James,
_d1958-
_tJack Swyteck novel ;
_v19.
_95702860
942 _2ddc
_cBOOK
999 _c404489
_d404489